| 000 | 00328nam a22001217a 4500 | ||
|---|---|---|---|
| 008 | 110119t xxu||||| |||| 00| 0 eng d | ||
| 080 | _a330.36 | ||
| 100 |
_aLERNER P. ABBA _91929 |
||
| 245 |
_aTHe economics of control _cABBa P. LERNER |
||
| 260 |
_bTHE MACMILLAN COMPANY _c1946 NEW York |
||
| 300 | _a428p. | ||
| 942 |
_2ddc _cBK |
||
| 999 |
_c5686 _d5686 |
||